000 00962nam a22002295i 4500
001 170147
003 ES-MaACL
005 20250520160805.0
008 090206q1912 fr |||| | fre d
080 _a782.1
100 1 _aGiesecke, Ludwig.
_9139361
245 1 3 _aLa flûte enchantée =
_b(Die zauberfloete) : opéra en deux parties /
_cpoème de Ludwig Giesecke & Emanuel Schikaneder ; traduction française du livret original par J.-G. Prod'homme & Jules Kienlin ; musique de W.-A. Mozart.
260 _aParis :
_bGérard Billaudot :
_bLibrairie Théatrale,
_c[ca. 1912]
300 _a62 p. ;
_c18 cm.
650 4 _aÓperas-
_vLibretos.
_9137584
700 1 _aSchikaneder, Emanuel.
_9139362
700 1 _aProd'homme, Jacques Gabriel.
_9139363
700 1 _aKienlin, Jules.
_9139364
700 1 _aMozart, Wolfgang Amadeus,
_d1756-1791
_9240565
852 4 _aES-MaACL
_j2246-F-9
_z- Biblioteca Jacinto Martínez Lacalle
999 _c170147
_d170147